| 000 | 02691nam a2200649Mi 4500 | ||
|---|---|---|---|
| 003 | PE-LiUPU | ||
| 005 | 20250731180055.0 | ||
| 008 | 150826s2012 sp o 001 0 spa d | ||
| 020 | _a842919293X (ebook) | ||
| 020 | _a9788429192933 (e-book) | ||
| 020 | _z9788429143737 | ||
| 035 | _a(Sirsi) i9788429192933 | ||
| 040 |
_aESUPS _bspa _erda _cESUPS _dPE-LiUPU |
||
| 049 | _aPRUA | ||
| 080 | _a53 | ||
| 082 | 0 | 4 |
_a530.8 _bA42 _223 |
| 100 | 1 |
_aAlhama López, Francisco, _eautor. |
|
| 245 | 1 | 0 |
_aAnálisis dimensional discriminado en mecánica de fluidos y transferencia de calor / _cFrancisco Alhama López, Carmelo Nicolás Madrid García. |
| 264 | 1 |
_aBarcelona : _bEditorial Reverté, _c[2012] |
|
| 300 |
_axxii, 302 páginas ; _c24 centímetros. |
||
| 336 |
_atexto _btxt _2rdacontent |
||
| 337 |
_acomputadora _bc _2rdamedia |
||
| 338 |
_arecurso en línea _bcr _2rdacarrier |
||
| 504 | _aBibliografía : páginas 289-295. | ||
| 504 | _aIndice : páginas 297-302. | ||
| 505 | 0 | _aLa discriminación: una extensión fundamental y necesaria del análisis dimensional clásico -- Fundamentos de análisis dmensional discriminado -- Aplicaciones en la mecánica de fluidos -- Aplicaciones en la transmisión de calor -- Los números adimensionales en el análisis dimensional discriminado. su significado físico como balance de magnitudes -- El proceso de adimensionalización de ecuaciones físicas bajo la perspectiva de la discriminación -- El análisis de escala y su conexión con el análisis dimensional discriminado. | |
| 526 | _aSEG44 | ||
| 526 | _aSEG26 | ||
| 526 | _aP159 | ||
| 526 | _aP155 | ||
| 526 | _aP154 | ||
| 526 | _aP153 | ||
| 526 | _aP150 | ||
| 526 | _aP100 | ||
| 526 | _aP31 | ||
| 526 | _aP30 | ||
| 526 | _aP26 | ||
| 526 | _aP25 | ||
| 526 | _aP24 | ||
| 526 | _aP22 | ||
| 526 | _aP15 | ||
| 526 | _aP10 | ||
| 541 | _g0020089683; | ||
| 650 | 1 | 4 | _aAnálisis dimensional. |
| 650 | 2 | 4 | _aMecánica de fluidos. |
| 650 | 2 | 4 | _aTermodinámica. |
| 653 | _aDimensional analysis. | ||
| 653 | _aFluid mechanics. | ||
| 653 | _aThermodynamics. | ||
| 655 | 7 |
_aLibros electrónicos. _2local |
|
| 700 | 1 |
_aMadrid García, Carmelo Nicolás, _eautor. |
|
| 942 |
_2ddc _cBOOK |
||
| 949 |
_a530.8 A42 _wDEWEY _c1 _i73729 _lCCODEBUL1 _mBUL _p48.00 _r0 _sY _tBOOK _u2016-6-16 _xINGENIERIA _PP25 _0COMPRA _o.STAFF. Colección General |
||
| 994 |
_aC0 _bPEPRU |
||
| 596 | _a1 | ||
| 999 |
_a530.8 A42 _wDEWEY _c10000 _i73729 _d10000 _e2018-3-20 _f2021-11-9 _g7 _lCCODEBUL1 _mBUL _n1 _p48.00 _r0 _sY _tBOOK _u2016-6-16 _xINGENIERIA _PP25 _0COMPRA _o.STAFF. Colección General |
||
| 980 |
_81 _gALBERTO SANCHEZ Responsable de Automatización |
||